000 00684nas a2200217 4500
001 BR7902388
003 BR-BrBNA
005 20231205083708.0
007 ta
008 230509b bl.|||p| |||| 00| 00por d
040 _aBR-BrBNA
_bpor
_cBiblioteca Nacional de Agricultura
041 _a(Pt)
072 _aE15
100 1 _aRodrigues, M.
245 1 _aO sistema cooperativo no equilibrio da agricultura [cooperativa de produtores, Brasil]
650 _aMICROECONOMIA
650 _aCOOPERATIVA DE PRODUTORES
773 0 _tAgricultura de Hoje (Brazil)
_xISSN 0100-5707
_g(Mar 1978), v. 3(35) p. 8-11
_wBR7902388
909 _a202311
_bLúcia
_c55
_dLúcia Elande
942 _2AGRIS
_n0
_cANA
999 _c100620
_d100620